000 05047nab a2200373 i 4500
003 BR-BrBNA
005 20240603102717.0
008 240603b2015 bl.qr|pooa||| 00| 0 por |
040 _aBR-BrBNA
_bpor
072 _aF60
072 _aF04
100 _aVieira, M.C.
100 _aRamos, M.B.M.
100 _aHeredia Zárate, N.A.
100 _aLuciano, A.T.
100 _aGonçalves, W.V.
100 _aRodrigues, W.B.
100 _aTabaldi, L.A.
100 _aCarvalho, T.M. De
100 _aSoares, L.F.
100 _aSiqueira, J.M. De
245 _aAdubação fosfatada associada à cama de frango e sua influência na produtividade e no teor de flavonoides da Marcela (Achyrocline satureioides (Lam.) DC.) em duas épocas de colheita
500 _aPublicação on-line; 34 ref.; 2 tables; 3 illus.; Summaries (En, Pt)
520 _a RESUMO: Objetivou-se com este trabalho avaliar a produção de massa e o teor de flavonoides de plantas de marcela cultivadas com fósforo e cama de frango e colhidas em duas épocas. Estudou-se a combinação de doses de P2O5 (0, 100, 200 e 300 kg ha-1) na forma de superfosfato triplo, com e sem cama de frango (10 t ha-1), arranjados como fatorial 4x2, no delineamento blocos casualizados, com quatro repetições. Foram feitas duas colheitas das plantas, consideradas como parcelas subdivididas no tempo. A propagação foi indireta, com semeio em bandejas e transplante ao campo. As plantas foram colhidas aos 195 e 223 dias após o transplantio – DAT. A altura máxima das plantas foi de 1,14 m com uso da cama de frango e de 0,97 m sem cama, aos 195 dias após o transplantio. A produção máxima de massa fresca de parte aérea das plantas foi de 30,31 t ha-1 na colheita aos 223 DAT, enquanto a de massa seca foi de 11,38 t ha-1, ambas com o uso de 300 kg ha-1 de P2O5.A massa fresca de inflorescências foi maior (4,08 t ha-1) com adição de cama de frango ao solo e menor (3,49 t ha-1) sem cama de frango; em resposta às doses de fósforo, cresceram linearmente, sendo a máxima de 4,65 t ha-1 com uso de300 kg ha-1 de P2O5, independente da época de colheita. A massa seca de inflorescências foi máxima de 2,38 t ha-1 com o uso de 300 kg ha-1 P2O5 na colheita aos 223 DAT. A maior produção de massa seca e o maior teor de flavonoides das inflorescências foram obtidos com o cultivo das plantas de marcela em solo com cama de frango (10 t ha-1) e com P2O5 (300 kg ha-1) na colheita aos 223 dias após o transplantio. Palavras-chave: Asteraceae, resíduo orgânico, fósforo, planta medicinal.
520 _a ABSTRACT: Total biomass and flavonoid contents of Achyrocline satureioides in response to phosphate fertilizer and broiler litter at two successive harvests. The aim of this experiment was to evaluate the biomass yield and flavonoid contents of Achyrocline satureioides grown under different levels of phosphate fertilizer in association with broiler litter, during two successive harvests. Four levels of P2O5 (0, 100, 200 and 300 kg ha-1), as triple superphosphate, and two levels of broiler litter (0 and 10 t ha-1) were arranged as a 4x2 factorial design in randomized blocks with four replications. Two harvests of plants, considered as splitplot, were made. Seeds were sown in polystyrene trays then transplanted to the experimental field and harvested at 195 and 223 days after transplanting (DAT). The maximum heights of the plants were 1.14 m under the addition of broiler litter and 0.97 m without it, at 195 days after transplanting. The highest yields of total fresh weight (30.31 ton ha-1) and dry weight (11.38 ton ha-1) were obtained at 223 DAT, both with the concentration of 300 kg ha-1 P2O5. The fresh weight of the inflorescences was greater under the addition of broiler litter (4.08 ton ha-1) than without it (3.49 ton ha-1). The plants grew linearly in response to the use of phosphate, and the maximum yield was 4.65 ton ha-1 under the concentration of 300 kg ha-1 P2O5, regardless of the harvest season. The dry weight of the inflorescences reached maximum yield (2.38 ton ha-1) at 223 DAT, in response to the use of 300 kg ha-1 P2O5. The highest yield of dry weight and the highest contents of flavonoids from the inflorescences were obtained when A. satureioides was grown under the concentration of P2O5 (300 kg ha-1) with the addition of broiler litter (10 ton ha-1) and harvested at 223 DAT. Keywords: Asteraceae, organic manure, phosphorus, medicinal plant.
650 _aCOMPOSITAE
650 _aRESÍDUO ORGÂNICO
650 _aFÓSFORO
650 _aPLANTA MEDICINAL
773 0 _03543
_9315533
_dBotucatu-SP Instituto de Biociências - Departamento de Química e Bioquímica 1998
_o2024-1859
_tRevista Brasileira de Plantas Medicinais (Brazil)
_x1516-0572
_gv. 17(2) p. 246-253; (2015)
_wBR2024000836
856 _uhttps://www.scielo.br/j/rbpm/a/fVtcZkWgvKK84C7MfsgX3DQ/?format=pdf&lang=pt
942 _cAnalítica
999 _c299864
_d299864